Carbon Footprint Estimation Using Remote Sensing in the World’s Top Six Climate Vulnerable Cities / (Record no. 609006)

000 -LEADER
fixed length control field 00442nam a22001337a 4500
003 - CONTROL NUMBER IDENTIFIER
control field NUST
082 ## - DEWEY DECIMAL CLASSIFICATION NUMBER
Classification number 004
Author Mark AKH
100 ## - MAIN ENTRY--PERSONAL NAME
Personal name Almas Akhtar
245 ## - TITLE STATEMENT
Title Carbon Footprint Estimation Using Remote Sensing in the World’s Top Six Climate Vulnerable Cities /
Statement of responsibility, etc. Akhtar, Almas
264 ## - PRODUCTION, PUBLICATION, DISTRIBUTION, MANUFACTURE, AND COPYRIGHT NOTICE
Place of production, publication, distribution, manufacture Islamabad
Name of producer, publisher, distributor, manufacturer SINES, (NUST)
Date of production, publication, distribution, manufacture, or copyright notice 2024.
300 ## - PHYSICAL DESCRIPTION
Extent p. ; 208
Dimensions 35cm
856 ## - ELECTRONIC LOCATION AND ACCESS
Uniform Resource Identifier <a href="http://10.250.8.41:8080/xmlui/handle/123456789/43193">http://10.250.8.41:8080/xmlui/handle/123456789/43193</a>
942 ## - ADDED ENTRY ELEMENTS (KOHA)
Source of classification or shelving scheme
Koha item type Thesis
Holdings
Withdrawn status Permanent Location Current Location Shelving location Date acquired Full call number Barcode Koha item type
  School of Interdisciplinary Engineering and Sciences (SINES) School of Interdisciplinary Engineering and Sciences (SINES) Thesis 04/30/2024 004 AKH sine003411 Project Report
© 2023 Central Library, National University of Sciences and Technology. All Rights Reserved.